[Event "Continental"]
[Site "Sao Paulo BRA"]
[Date "2009.07.29"]
[Round "6.127"]
[White "Sousa, Matheus Mazim de"]
[Black "Japiassu, Ricardo de Vila Nova"]
[Result "0-1"]
[WhiteElo "1817"]
[BlackElo "1867"]
[EventDate "2009.07.25"]
[PlyCount "40"]

1.d4 e6 2.Nf3 d5 3.e3 c6 4.Bd3 f5 5.Nbd2 Nf6 6.c4 Bd6 7.c5 Bc7 8.b4 O-O 9.
a4 b6 10.Ba3 bxc5 11.bxc5 Nbd7 12.O-O Ne4 13.Qe2 Nc3 14.Qe1 Rb8 15.Qc1 Ne4
16.Qc2 e5 17.dxe5 Nxe5 18.Nd4 Qf6 19.f3 Qh6 20.fxe4 Nxd3 0-1

[Event "Continental"]
[Site "Sao Paulo BRA"]
[Date "2009.07.29"]
[Round "6.128"]
[White "Oliveira, Francemir Barra de"]
[Black "Figueiredo, Rodrigo Fraga Leandro"]
[Result "0-1"]
[WhiteElo "1861"]
[BlackElo "1709"]
[EventDate "2009.07.25"]
[PlyCount "98"]

1.e4 e6 2.d4 d5 3.Nd2 dxe4 4.Nxe4 Nf6 5.Ng3 b6 6.Bg5 Be7 7.Nf3 h6 8.Bc1 
Bb7 9.c3 Nbd7 10.Bd3 c5 11.O-O cxd4 12.cxd4 Rc8 13.Qe2 Nd5 14.a3 Bd6 15.
Nh5 Bf8 16.Re1 N5f6 17.Ng3 Be7 18.Bd2 O-O 19.h3 Re8 20.Rad1 Bxf3 21.gxf3 
Nd5 22.Kh1 Bg5 23.Rg1 Bxd2 24.Qxd2 Qh4 25.Bf1 Nf4 26.Kh2 Nf6 27.Ne4 Nxe4 
28.fxe4 Ng6 29.Rg4 Qf6 30.e5 Qf3 31.Bg2 Qb3 32.Be4 Re7 33.Rdg1 Rcc7 34.h4 
h5 35.R4g3 Qa4 36.Kh3 Red7 37.Rd3 Rc2 38.Qe3 Rxb2 39.Bxg6 fxg6 40.Rxg6 Qc6
41.Rc3 Qh1+ 42.Kg3 Qg1+ 43.Kh3 Qxg6 44.Rc8+ Kh7 45.a4 Qg4+ 46.Kh2 Qxh4+ 
47.Kg2 Qxd4 48.Qe1 Qg4+ 49.Kh2 Rdd2 0-1

[Event "Continental"]
[Site "Sao Paulo BRA"]
[Date "2009.07.30"]
[Round "7.1"]
[White "Felgaer, Ruben"]
[Black "Milos, Gilberto"]
[Result "0-1"]
[WhiteElo "2564"]
[BlackElo "2589"]
[EventDate "2009.07.25"]
[PlyCount "74"]

1.e4 Nf6 2.e5 Nd5 3.d4 d6 4.c4 Nb6 5.exd6 exd6 6.Nc3 Be7 7.Be2 O-O 8.Nf3 
Bg4 9.O-O Nc6 10.b3 Bf6 11.Be3 d5 12.c5 Nc8 13.h3 Bxf3 14.Bxf3 N8e7 15.g4 
g6 16.Bg2 Bg7 17.f4 f5 18.g5 Qd7 19.Qd2 Rae8 20.Bf2 Nd8 21.b4 c6 22.Rab1 
Ne6 23.Rfe1 Nc8 24.a4 Re7 25.b5 Rfe8 26.Ne2 Qc7 27.Kf1 h6 28.h4 h5 29.a5 
a6 30.b6 Qb8 31.Rbd1 Bh8 32.Bf3 Kf8 33.Bg3 Rd8 34.Bf2 Ng7 35.Nc3 Re4 36.
Rxe4 dxe4 37.Be2 Ne7 0-1

[Event "Continental"]
[Site "Sao Paulo BRA"]
[Date "2009.07.30"]
[Round "7.5"]
[White "Fier, Alexandr"]
[Black "Mekhitarian, Krikor Sevag"]
[Result "1/2-1/2"]
[WhiteElo "2604"]
[BlackElo "2488"]
[EventDate "2009.07.25"]
[PlyCount "136"]

1.d4 Nf6 2.c4 e6 3.Nf3 d5 4.Nc3 Bb4 5.e3 O-O 6.Bd3 c5 7.O-O dxc4 8.Bxc4 b6
9.Qe2 Bb7 10.Rd1 cxd4 11.exd4 Bxc3 12.bxc3 Nd5 13.Bd2 Qc7 14.Ne5 Nc6 15.
Bb3 Nxe5 16.dxe5 Nxc3 17.Bxc3 Qxc3 18.Rac1 Qb4 19.Rc7 Qe4 20.Qxe4 Bxe4 21.
Rdd7 a5 22.f3 Bg6 23.h4 Rfd8 24.Rxd8+ Rxd8 25.Rb7 h5 26.Rxb6 Rd4 27.Ra6 
Rxh4 28.Rxa5 Rd4 29.a4 Bd3 30.Ra8+ Kh7 31.Rb8 Be2 32.a5 Bd1 33.Ba2 Ra4 34.
Bb1+ g6 35.Rb5 Be2 36.Rb7 Kg7 37.Kf2 Ba6 38.Ra7 Rxa5 39.Kg3 h4+ 40.Kxh4 
Ra4+ 41.Kg5 Bb5 42.Rb7 Ba6 43.Rc7 Ra5 44.f4 Ra3 45.g4 Bd3 46.Bxd3 Rxd3 47.
f5 gxf5 48.gxf5 Rg3+ 49.Kf4 Rg1 50.fxe6 Rf1+ 51.Ke4 Kf8 52.exf7 Rxf7 53.
Rc8+ Ke7 54.Kd5 Rf1 55.Rc7+ Kd8 56.Rh7 Ra1 57.Rg7 Ra6 58.Rb7 Ke8 59.Ke4 
Rc6 60.Kf5 Ra6 61.Rg7 Rb6 62.Rg6 Rxg6 63.Kxg6 Ke7 64.Kf5 Kf7 65.e6+ Ke7 
66.Ke5 Ke8 67.Kf6 Kf8 68.e7+ Ke8 1/2-1/2

[Event "Continental"]
[Site "Sao Paulo BRA"]
[Date "2009.07.30"]
[Round "7.16"]
[White "Hernandez Carmenates, Holden"]
[Black "Disconzi da Silva, Rodrigo"]
[Result "0-1"]
[WhiteElo "2573"]
[BlackElo "2366"]
[EventDate "2009.07.25"]
[PlyCount "164"]

1.d4 f5 2.g3 Nf6 3.Bg2 e6 4.Nf3 d5 5.O-O Bd6 6.c4 c6 7.Nc3 O-O 8.Bg5 Nbd7 
9.cxd5 exd5 10.Nh4 Nb6 11.e3 Qe8 12.Bf4 Be7 13.Nf3 Ne4 14.Rc1 Qh5 15.Bc7 
Nc4 16.b3 Ncd6 17.Ne2 Qh6 18.h4 Bd7 19.Ne5 Be8 20.Nf4 Kh8 21.Qe1 Rg8 22.
Nh3 Rc8 23.Ba5 Nf7 24.Bb4 Nxe5 25.dxe5 c5 26.Ba3 Bb5 27.f3 Bxf1 28.Kxf1 
Qa6+ 29.Kg1 Qxa3 30.fxe4 dxe4 31.Rc2 c4 32.bxc4 Bc5 33.Re2 Rge8 34.Ng5 h6 
35.Nf7+ Kg8 36.Qf1 Bxe3+ 37.Kh1 f4 38.Bxe4 Kxf7 39.Qh3 Qc1+ 40.Kg2 Qg1+ 
41.Kf3 Kg8 42.gxf4 Bc5 43.Qf5 Qf1+ 44.Kg3 Qxe2 45.Bd5+ Kh8 46.Be4 Bf2+ 47.
Kh3 Qf1+ 48.Kg4 Qg1+ 49.Kf3 Qg3+ 50.Ke2 Qe3+ 51.Kf1 Qe1+ 52.Kg2 Qg1+ 53.
Kf3 Qg3+ 54.Ke2 Qe3+ 55.Kf1 Qxe4 56.Qxe4 Bxh4 57.Qxb7 Rxc4 58.Qf7 Rcc8 59.
Kg2 Rf8 60.Qe6 Rce8 61.Qg4 Bd8 62.Qd7 Re7 63.Qd6 Ref7 64.e6 Rxf4 65.e7 
Bxe7 66.Qxe7 R8f7 67.Qd8+ Kh7 68.Qd5 R4f5 69.Qd1 R7f6 70.a4 a5 71.Kh3 Rf3+
72.Kg2 h5 73.Qc2+ R6f5 74.Qe4 Rf4 75.Qb1 Kh6 76.Qb8 Rf2+ 77.Kg1 g6 78.Qd8 
R2f4 79.Kg2 Rf2+ 80.Kg1 R2f3 81.Kg2 R3f4 82.Kg1 Rg5+ 0-1

[Event "Continental"]
[Site "Sao Paulo BRA"]
[Date "2009.07.30"]
[Round "7.17"]
[White "Ivanov, Alexander"]
[Black "Oliveira, Silvio Eduardo"]
[Result "1-0"]
[WhiteElo "2527"]
[BlackElo "2357"]
[EventDate "2009.07.25"]
[PlyCount "39"]

1.e4 c5 2.Nf3 Nc6 3.d4 cxd4 4.Nxd4 Nf6 5.Nc3 d6 6.Bc4 e6 7.Be3 a6 8.Bb3 
Be7 9.f4 O-O 10.Qe2 Qc7 11.f5 Nxd4 12.Bxd4 b5 13.fxe6 Bxe6 14.O-O Rfe8 15.
Qd3 Nd7 16.Qg3 Ne5 17.Rad1 Bd8 18.Qe1 Qe7 19.Nd5 Bxd5 20.Bxd5 1-0

[Event "Continental"]
[Site "Sao Paulo BRA"]
[Date "2009.07.30"]
[Round "7.18"]
[White "Macias Murillo, Bryan"]
[Black "Leon Hoyos, Manuel"]
[Result "1-0"]
[WhiteElo "2335"]
[BlackElo "2525"]
[EventDate "2009.07.25"]
[PlyCount "103"]

1.d4 Nf6 2.c4 e6 3.Nf3 c5 4.e3 d5 5.Nc3 Nc6 6.Be2 cxd4 7.exd4 Be7 8.O-O 
O-O 9.a3 b6 10.cxd5 Nxd5 11.Bd3 Bb7 12.Qe2 Na5 13.Bc2 Rc8 14.Qd3 f5 15.Re1
Nxc3 16.bxc3 Bd5 17.Ne5 Qc7 18.Bd2 Bd6 19.Qh3 Nc6 20.Nxc6 Qxc6 21.Bd3 Rf6 
22.Bf1 Rc7 23.a4 Rg6 24.Rec1 Bc4 25.Bxc4 Qxc4 26.Qf3 Rf6 27.Re1 Rf8 28.Bf4
Rd8 29.Bxd6 Rxd6 30.Qf4 Rdc6 31.Re3 Qb3 32.h3 Rc8 33.Rae1 h6 34.Qe5 Rxc3 
35.Rxc3 Rxc3 36.Qb8+ Kh7 37.Qxa7 Rc6 38.Qd7 Qc3 39.Re3 Qa1+ 40.Kh2 Rc1 41.
Qxe6 Qb1 42.Rf3 Rh1+ 43.Kg3 Rd1 44.d5 f4+ 45.Rxf4 Qd3+ 46.Kh2 Qxd5 47.Qxb6
g5 48.Qc7+ Kg6 49.Rb4 Qd6+ 50.Qxd6+ Rxd6 51.a5 Rd5 52.Ra4 1-0

[Event "Continental"]
[Site "Sao Paulo BRA"]
[Date "2009.07.30"]
[Round "7.19"]
[White "Perez Rodriguez, Luis Manuel"]
[Black "Toth, Christian Endre"]
[Result "1-0"]
[WhiteElo "2512"]
[BlackElo "2357"]
[EventDate "2009.07.25"]
[PlyCount "97"]

1.e4 e6 2.d4 d5 3.Nd2 dxe4 4.Nxe4 Nd7 5.Nf3 Ngf6 6.Nxf6+ Nxf6 7.Bd3 c5 8.
Be3 Qc7 9.Qe2 Bd7 10.O-O-O O-O-O 11.Kb1 Bd6 12.dxc5 Bxc5 13.Bxc5 Qxc5 14.
Ne5 Rhf8 15.Bc4 Bc6 16.Rxd8+ Kxd8 17.Rd1+ Kc7 18.g4 Nd7 19.Nxc6 bxc6 20.f4
Nb6 21.Bb3 Rd8 22.Rxd8 Kxd8 23.a3 Kc7 24.Ka2 Nd7 25.Qd3 h5 26.h3 hxg4 27.
hxg4 g5 28.Qh7 gxf4 29.Qxf7 Qf8 30.Qxe6 f3 31.Bc4 Qf4 32.Bf1 Qg5 33.c4 Qd2
34.Qf5 Qd1 35.Bh3 Kb6 36.Qf4 a5 37.g5 a4 38.c5+ Nxc5 39.Qb4+ Kc7 40.Qxc5 
Qb3+ 41.Kb1 f2 42.Qa7+ Kd6 43.Qd7+ Ke5 44.Qf5+ Kd6 45.Qf4+ Ke7 46.Qf6+ Ke8
47.Qxc6+ Ke7 48.Qd7+ Kf8 49.g6 1-0

[Event "Continental"]
[Site "Sao Paulo BRA"]
[Date "2009.07.30"]
[Round "7.20"]
[White "Matsuura, Everaldo"]
[Black "Castano Duvan, Martin"]
[Result "0-1"]
[WhiteElo "2491"]
[BlackElo "2337"]
[EventDate "2009.07.25"]
[PlyCount "64"]

1.e4 c5 2.Nf3 e6 3.d4 cxd4 4.Nxd4 Nf6 5.Nc3 d6 6.Be3 a6 7.f3 b5 8.Qd2 Nbd7
9.g4 Nb6 10.a4 Nc4 11.Bxc4 bxc4 12.a5 Bd7 13.g5 Nh5 14.Na4 Bxa4 15.Rxa4 
Rc8 16.O-O d5 17.e5 Bc5 18.b4 cxb3 19.cxb3 O-O 20.f4 g6 21.Qd3 Bxd4 22.
Bxd4 Rc6 23.Ra2 Qe7 24.Bb6 Rfc8 25.Raf2 Qb7 26.b4 Rc4 27.Bc5 Qb5 28.Qe2 
Nxf4 29.Qf3 Rc7 30.Qg3 R4xc5 31.Qxf4 Rc4 32.Qf6 Qd7 0-1

[Event "Continental"]
[Site "Sao Paulo BRA"]
[Date "2009.07.30"]
[Round "7.22"]
[White "Estrada Nieto, Julian"]
[Black "Zambrana, Oswaldo"]
[Result "0-1"]
[WhiteElo "2332"]
[BlackElo "2473"]
[EventDate "2009.07.25"]
[PlyCount "128"]

1.e4 e6 2.d4 c5 3.d5 exd5 4.exd5 d6 5.Nf3 Be7 6.Nc3 Nf6 7.Bb5+ Bd7 8.a4 
O-O 9.O-O Bg4 10.Re1 Nbd7 11.h3 Bh5 12.g4 Bg6 13.g5 Ne8 14.Qe2 Ne5 15.Nxe5
dxe5 16.Qxe5 Bd6 17.Qxe8 Rxe8 18.Rxe8+ Qxe8 19.Bxe8 Rxe8 20.Be3 Bxc2 21.
Nb5 Bf8 22.a5 a6 23.Nc3 Rd8 24.Rc1 Bb3 25.Ne4 c4 26.Nd2 Rxd5 27.Nxc4 f6 
28.gxf6 gxf6 29.Nd2 Ba4 30.Rc8 Kf7 31.Ne4 Bc6 32.Nc3 Rxa5 33.f4 Rh5 34.
Rc7+ Kg6 35.Kh2 Bd6 36.Rc8 Rxh3+ 37.Kxh3 Bd7+ 38.Kg3 Bxc8 39.Ne4 Bc7 40.
Bd4 Kf5 41.Nxf6 Bxf4+ 42.Kf3 h6 43.Nd5 Bg5 44.Ne3+ Ke6 45.Kg4 Kd6+ 46.Kh5 
Kc6 47.Kg6 Kb5 48.Nf1 Kc4 49.Bg7 Bc1 50.Ng3 Bg4 51.Ne4 b5 52.b3+ Kxb3 53.
Nc5+ Kc4 54.Nxa6 h5 55.Nb8 Bf4 56.Nc6 h4 57.Be5 Bxe5 58.Nxe5+ Kc3 59.Nxg4 
h3 60.Kf5 b4 61.Kf4 b3 62.Nf2 h2 63.Kg3 b2 64.Nd1+ Kd2 0-1

[Event "Continental"]
[Site "Sao Paulo BRA"]
[Date "2009.07.30"]
[Round "7.23"]
[White "Bittencourt, Jorge"]
[Black "Quinones Paucar, Cesar"]
[Result "1-0"]
[WhiteElo "2471"]
[BlackElo "2318"]
[EventDate "2009.07.25"]
[PlyCount "173"]

1.e4 e5 2.Nf3 Nc6 3.Bb5 a6 4.Ba4 Nf6 5.O-O Be7 6.Re1 b5 7.Bb3 d6 8.c3 O-O 
9.h3 Bb7 10.d4 Re8 11.Nbd2 Bf8 12.d5 Nb8 13.Nf1 Nbd7 14.N3h2 c6 15.dxc6 
Bxc6 16.Bg5 h6 17.Bxf6 Nxf6 18.Ng4 Nxg4 19.Qxg4 Bd7 20.Qf3 Be6 21.Ne3 Rc8 
22.Nd5 Qg5 23.Red1 Rc5 24.Rd3 Rb8 25.Rad1 a5 26.a3 Kh8 27.Qe2 Qh4 28.Ba2 
Rcc8 29.b4 axb4 30.cxb4 Rc6 31.Nc3 Ra6 32.Bxe6 fxe6 33.Nxb5 Qd8 34.Rb3 
Rba8 35.Qc4 Qd7 36.Qd3 Rc6 37.Nc3 Rac8 38.Ne2 Qa7 39.Rbb1 Ra6 40.Rb3 Rac6 
41.Rbb1 Ra6 42.Ra1 Ra8 43.Qb3 Rxa3 44.Rxa3 Qxa3 45.Qxe6 Qxb4 46.Ng3 Qa4 
47.Rc1 Qe8 48.Qf5 Qd8 49.Rc3 Be7 50.Qe6 Qa5 51.Rc1 Bg5 52.Rf1 Qc7 53.Nf5 
Rd8 54.Rd1 Qc2 55.Qd5 Rb8 56.g3 Rb1 57.Rxb1 Qxb1+ 58.Kg2 Qc2 59.Nxd6 Be3 
60.Qf7 Bc5 61.Qf8+ Kh7 62.Qf5+ Kg8 63.Ne8 Bd4 64.Nd6 Bc5 65.Nf7 Bxf2 66.
Nxh6+ gxh6 67.Qg6+ Kf8 68.Qxh6+ Ke7 69.Qg5+ Kd6 70.Qf6+ Kd7 71.Qxf2 Qxe4+ 
72.Kh2 Ke7 73.g4 Qd3 74.g5 Qd6 75.Kg3 Qd3+ 76.Qf3 Qd4 77.Qf6+ Ke8 78.g6 
Qd3+ 79.Kg4 Qe2+ 80.Qf3 Qc4+ 81.Kf5 Qc8+ 82.Kf6 Qd8+ 83.Kg7 Qg5 84.Qc6+ 
Ke7 85.Qc7+ Ke6 86.Qf7+ Kd6 87.Qf6+ 1-0

[Event "Continental"]
[Site "Sao Paulo BRA"]
[Date "2009.07.30"]
[Round "7.24"]
[White "Guimaraes, Wagner Peixoto"]
[Black "El Debs, Felipe De Cresce"]
[Result "0-1"]
[WhiteElo "2291"]
[BlackElo "2467"]
[EventDate "2009.07.25"]
[PlyCount "78"]

1.e4 c5 2.Nf3 e6 3.d4 cxd4 4.Nxd4 Nc6 5.Nc3 Qc7 6.Be2 a6 7.O-O Nf6 8.Be3 
b5 9.a3 Bb7 10.Kh1 Na5 11.f3 Be7 12.Qe1 O-O 13.Bd3 Nc4 14.Bc1 Rac8 15.f4 
d6 16.Qg3 Qc5 17.Nb3 Qh5 18.f5 exf5 19.Rxf5 Qg4 20.Qe1 Nd7 21.Be2 Qh4 22.
Qf1 Bd8 23.Nd4 g6 24.Rf3 Nce5 25.Rh3 Qf6 26.Bh6 Qxf1+ 27.Rxf1 Re8 28.Rg3 
Nf6 29.Nf5 Rc6 30.Bg5 Rxc3 31.Bxf6 Rxg3 32.Nh6+ Kf8 33.Bxe5 Rxe5 34.Nxf7 
Re3 35.Nxe5+ Kg8 36.Nf7 Rxe2 37.Nxd8 Bxe4 38.Rd1 Rxg2 39.Rd4 Rg4+ 0-1

[Event "Continental"]
[Site "Sao Paulo BRA"]
[Date "2009.07.30"]
[Round "7.25"]
[White "Cubas, Jose Fernando"]
[Black "Oliveira, Jefferson dos Santos"]
[Result "1/2-1/2"]
[WhiteElo "2454"]
[BlackElo "2274"]
[EventDate "2009.07.25"]
[PlyCount "128"]

1.e4 c5 2.Nc3 a6 3.g3 e6 4.Bg2 b5 5.d3 Bb7 6.Nf3 d6 7.O-O Be7 8.a4 b4 9.
Ne2 Qc7 10.Nf4 Nf6 11.Ng5 Bd8 12.Re1 e5 13.Nd5 Nxd5 14.exd5 h6 15.Nf3 O-O 
16.Nd2 Nd7 17.Nc4 Nb6 18.Ne3 a5 19.Nf5 Bc8 20.Be4 Bxf5 21.Bxf5 g6 22.Be4 
Kg7 23.c3 bxc3 24.bxc3 c4 25.d4 f5 26.Bg2 e4 27.f3 exf3 28.Bxf3 Bf6 29.Re6
Rae8 30.Rb1 Rxe6 31.dxe6 d5 32.Rb5 Re8 33.Ba3 Rxe6 34.Qb1 Nxa4 35.Bxd5 
Nxc3 36.Rb7 Bxd4+ 37.Kh1 Nxd5 38.Rxc7+ Nxc7 39.Qb7 Be5 40.Bb2 Bxb2 41.
Qxc7+ Kf6 42.Qd8+ Kf7 43.Qc7+ Kf6 44.Qxc4 Be5 45.Qc5 Rd6 46.Qxa5 f4 47.Kg2
fxg3 48.hxg3 h5 49.Kf2 Kf5 50.Qb5 Rd4 51.Qe8 Rd2+ 52.Ke3 Rd6 53.Qf8+ Rf6 
54.Qc5 Re6 55.Qd5 Kf6 56.Qd8+ Kf7 57.Qd7+ Re7 58.Qd5+ Kg7 59.Kf3 Rf7+ 60.
Kg2 Rf5 61.Qe6 Rg5 62.Qe7+ Kh6 63.Qf8+ Bg7 64.Qf4 Be5 1/2-1/2

[Event "Continental"]
[Site "Sao Paulo BRA"]
[Date "2009.07.30"]
[Round "7.26"]
[White "Pereira, Silvio Cunha"]
[Black "Perez Garcia, Rodney Oscar"]
[Result "1-0"]
[WhiteElo "2261"]
[BlackElo "2446"]
[EventDate "2009.07.25"]
[PlyCount "63"]

1.e4 g6 2.d4 Bg7 3.Bc4 c6 4.Qf3 e6 5.Ne2 d5 6.Bb3 Nd7 7.Nbc3 Ne7 8.h4 h6 
9.Bf4 b5 10.Bd6 a5 11.a3 Ba6 12.h5 Nc8 13.Bg3 Qf6 14.Qe3 b4 15.exd5 bxc3 
16.dxc6 Ndb6 17.Be5 cxb2 18.Rb1 Qg5 19.Bxg7 Qxe3 20.fxe3 Rg8 21.Bf6 a4 22.
Ba2 Bc4 23.Rxb2 Bxa2 24.Rxa2 Nd5 25.Be5 Nxe3 26.hxg6 Rxg6 27.Nf4 Rg8 28.
Rxh6 Ne7 29.Rh3 Nxg2+ 30.Nxg2 Rxg2 31.c4 Rxa2 32.Rh8+ 1-0

[Event "Continental"]
[Site "Sao Paulo BRA"]
[Date "2009.07.30"]
[Round "7.27"]
[White "Dos Santos, Ramiro"]
[Black "Espinoza Palomino, Willyam"]
[Result "1-0"]
[WhiteElo "2438"]
[BlackElo "2272"]
[EventDate "2009.07.25"]
[PlyCount "95"]

1.e4 e5 2.Nf3 Nc6 3.Bb5 a6 4.Ba4 Nf6 5.O-O Be7 6.Re1 b5 7.Bb3 d6 8.c3 O-O 
9.h3 Na5 10.Bc2 c5 11.d4 Qc7 12.Nbd2 cxd4 13.cxd4 Nc6 14.a3 Bd7 15.Nb3 a5 
16.d5 Nb8 17.Bd2 a4 18.Nc1 Rc8 19.Bc3 Na6 20.Nd3 Bd8 21.Rc1 Qa7 22.Qd2 Bb6
23.Re2 Nc5 24.Nb4 Nh5 25.Kh2 Nf4 26.Ree1 Re8 27.Ng1 Nb7 28.g3 Ng6 29.Rf1 
Na5 30.Qe2 Rec8 31.Nf3 f6 32.Nd2 Bd4 33.Nb1 Nh8 34.Bxd4 Qxd4 35.Nc3 Nc4 
36.Nc6 Bxc6 37.dxc6 Nxb2 38.Nxb5 Qc4 39.Qxc4+ Nxc4 40.Bd3 Nd2 41.Rfd1 Nf3+
42.Kg2 Nd4 43.Bc4+ Kf8 44.Rxd4 exd4 45.Be6 Rcb8 46.Nxd4 Ke7 47.c7 Rc8 48.
Bd5 1-0

[Event "Continental"]
[Site "Sao Paulo BRA"]
[Date "2009.07.30"]
[Round "7.28"]
[White "Pinheiro, Iung Alicio de Oliveira"]
[Black "Uribe Bedoya, Mauricio"]
[Result "1/2-1/2"]
[WhiteElo "2257"]
[BlackElo "2413"]
[EventDate "2009.07.25"]
[PlyCount "46"]

1.e4 e6 2.d4 d5 3.Nc3 Bb4 4.exd5 exd5 5.Bd3 Nc6 6.a3 Bxc3+ 7.bxc3 Nge7 8.
Qf3 Be6 9.Ne2 Qd7 10.Nf4 Bf5 11.O-O Bxd3 12.cxd3 O-O 13.a4 Rfd8 14.Ba3 Ng6
15.Nh5 Nce7 16.Rfe1 Nf5 17.a5 Nfh4 18.Qg3 Qf5 19.Re5 Qd7 20.Re7 Qf5 21.Re5
Qd7 22.Re7 Qf5 23.Re5 Qd7 1/2-1/2

[Event "Continental"]
[Site "Sao Paulo BRA"]
[Date "2009.07.30"]
[Round "7.29"]
[White "Perdomo, Leandro"]
[Black "Bueno Junior, Alfeu Varela"]
[Result "1-0"]
[WhiteElo "2409"]
[BlackElo "2262"]
[EventDate "2009.07.25"]
[PlyCount "101"]

1.d4 e6 2.c4 f5 3.Nc3 Bb4 4.Nf3 b6 5.Qb3 Qe7 6.Bf4 Nc6 7.a3 Bxc3+ 8.Qxc3 
Nf6 9.e3 O-O 10.d5 Ne4 11.Qc2 e5 12.Bg3 Nxg3 13.hxg3 e4 14.dxc6 exf3 15.
gxf3 dxc6 16.Bd3 c5 17.O-O-O h6 18.g4 Bb7 19.Bxf5 Bxf3 20.Rd7 Qxd7 21.Bxd7
Bxh1 22.f4 Rad8 23.Be6+ Kh8 24.g5 Bf3 25.Qg6 Rd1+ 26.Kc2 Rh1 27.Bf5 hxg5 
28.fxg5 Rh4 29.e4 Rd8 30.Kb3 Bd1+ 31.Ka2 Be2 32.Kb3 Bd1+ 33.Ka2 Be2 34.Kb3
a6 35.Be6 Bd3 36.Bd5 Rf8 37.Qe6 Rh2 38.g6 Bc2+ 39.Ka2 Rh6 40.Qe7 Rc8 41.
Be6 Ra8 42.Bd5 Rc8 43.Qd7 Rf8 44.Bf7 Rh1 45.b3 Bxe4 46.Qe7 Rh2+ 47.Ka1 Rc8
48.Be8 Bxg6 49.Qf8+ Kh7 50.Bxg6+ Kxg6 51.Qxc8 1-0

[Event "Continental"]
[Site "Sao Paulo BRA"]
[Date "2009.07.30"]
[Round "7.30"]
[White "Espinosa Flores, Rafael"]
[Black "Barreto Filho, Carlos Alberto"]
[Result "1/2-1/2"]
[WhiteElo "2401"]
[BlackElo "2257"]
[EventDate "2009.07.25"]
[PlyCount "84"]

1.e4 c5 2.c3 d6 3.d4 Nf6 4.dxc5 Nc6 5.f3 d5 6.exd5 Nxd5 7.Bc4 e6 8.Bxd5 
exd5 9.Be3 b6 10.cxb6 Bd6 11.Ne2 O-O 12.O-O Re8 13.Bf2 Ba6 14.Re1 axb6 15.
Nd2 Ne5 16.Nf4 Ng4 17.Rxe8+ Qxe8 18.fxg4 Bxf4 19.Nf3 Qb5 20.Qb3 Bc7 21.
Qxb5 Bxb5 22.Nd4 Bd7 23.h3 f6 24.a3 Kf7 25.Re1 Re8 26.Rxe8 Bxe8 27.Be3 g6 
28.Kf2 Ke7 29.g3 Bd7 30.Bf4 Bd8 31.Nf3 Bb5 32.g5 Kd7 33.h4 Bc4 34.gxf6 
Bxf6 35.Be5 Be7 36.Ke3 Ke6 37.Bd4 b5 38.Nd2 Bf8 39.g4 Ba2 40.Nf3 Bh6+ 41.
g5 Bf8 42.Ne5 Bd6 1/2-1/2

[Event "Continental"]
[Site "Sao Paulo BRA"]
[Date "2009.07.30"]
[Round "7.31"]
[White "Shumyatsky, Victor"]
[Black "Fusco, Leonardo"]
[Result "1/2-1/2"]
[WhiteElo "2175"]
[BlackElo "2401"]
[EventDate "2009.07.25"]
[PlyCount "40"]

1.e4 c5 2.Nf3 d6 3.d4 Nf6 4.Nc3 cxd4 5.Nxd4 a6 6.h3 h5 7.Bc4 e6 8.Bb3 Nbd7
9.O-O Nc5 10.f4 Nfxe4 11.Nxe4 Nxe4 12.f5 e5 13.Nf3 Bxf5 14.Bxf7+ Kxf7 15.
Ng5+ Nxg5 16.Rxf5+ Ke6 17.Rxg5 Be7 18.Rxh5 Rxh5 19.Qxh5 Qf8 20.Qg4+ Qf5 
1/2-1/2

[Event "Continental"]
[Site "Sao Paulo BRA"]
[Date "2009.07.30"]
[Round "7.32"]
[White "Terao, Rodrigo Akira"]
[Black "Mosquera Klinger, Miguel"]
[Result "1/2-1/2"]
[WhiteElo "2219"]
[BlackElo "2393"]
[EventDate "2009.07.25"]
[PlyCount "57"]

1.e4 e6 2.d4 d5 3.Nd2 Nf6 4.e5 Nfd7 5.Bd3 c5 6.c3 Nc6 7.Ne2 Qb6 8.Nf3 cxd4
9.cxd4 f6 10.exf6 Nxf6 11.O-O Bd6 12.b3 O-O 13.Bb2 Bd7 14.Ng3 Rae8 15.Ne5 
Bc8 16.Kh1 Re7 17.Rc1 Rc7 18.f4 Ne7 19.Bc3 Bb4 20.Qd2 Rxc3 21.Rxc3 Nf5 22.
Nxf5 exf5 23.Qc2 Bxc3 24.Qxc3 Be6 25.Rc1 Rd8 26.Qc7 Qxc7 27.Rxc7 Rc8 28.
Rxc8+ Bxc8 29.Kg1 1/2-1/2

[Event "Continental"]
[Site "Sao Paulo BRA"]
[Date "2009.07.30"]
[Round "7.33"]
[White "Feliciano, Vanessa"]
[Black "Santos, Marcus Vinicius Moreira"]
[Result "1-0"]
[WhiteElo "2112"]
[BlackElo "2390"]
[EventDate "2009.07.25"]
[PlyCount "63"]

1.e4 e6 2.d4 d5 3.Nc3 Bb4 4.e5 c5 5.a3 Bxc3+ 6.bxc3 Nc6 7.h4 Qa5 8.Bd2 
cxd4 9.cxd4 Qa4 10.c3 Qxd1+ 11.Rxd1 h5 12.Nf3 Nge7 13.Bg5 Bd7 14.Be2 Na5 
15.Nd2 Nc8 16.Rh3 Nb6 17.Rb1 Rc8 18.Rf3 Na4 19.c4 b6 20.Rb4 b5 21.c5 Nc6 
22.Bxb5 Nxb4 23.Bxd7+ Kxd7 24.Rxf7+ Kc6 25.axb4 a6 26.Rxg7 Rb8 27.Nb3 Rhg8
28.Re7 Rge8 29.Rh7 Rh8 30.Re7 Rhe8 31.Rh7 Ra8 32.Na5+ 1-0

[Event "Continental"]
[Site "Sao Paulo BRA"]
[Date "2009.07.30"]
[Round "7.34"]
[White "Orsini, Antonio"]
[Black "Martins, Vinicius Tine"]
[Result "1-0"]
[WhiteElo "2376"]
[BlackElo "2250"]
[EventDate "2009.07.25"]
[PlyCount "93"]

1.e4 c5 2.Nc3 d6 3.Nf3 Nf6 4.d4 cxd4 5.Nxd4 g6 6.Be3 Bg7 7.f3 O-O 8.Qd2 
Nc6 9.Bc4 Bd7 10.O-O-O Rc8 11.Bb3 Ne5 12.Kb1 Re8 13.h4 h5 14.g4 hxg4 15.h5
Nxh5 16.Bh6 e6 17.Rdg1 g3 18.Rxh5 gxh5 19.Rxg3 Ng6 20.Nf5 Bf6 21.Nxd6 h4 
22.Rg1 Be5 23.Nxc8 Bxc8 24.Qc1 Kh7 25.Bg5 f6 26.Rd1 Qe7 27.Be3 Rd8 28.Rh1 
Bd4 29.Bd2 a6 30.Ne2 Bf2 31.f4 Qc5 32.Bc3 f5 33.exf5 Qxf5 34.Rh2 Bg3 35.
Nxg3 Qxf4 36.Qxf4 Nxf4 37.Rxh4+ Kg6 38.Rg4+ Kh6 39.Rh4+ Kg6 40.Rh1 Nd5 41.
Be5 Bd7 42.c3 Bc6 43.Bc2+ Kf7 44.Rh7+ Kf8 45.Ne4 Rd7 46.Rh8+ Kf7 47.Nd6+ 
1-0

[Event "Continental"]
[Site "Sao Paulo BRA"]
[Date "2009.07.30"]
[Round "7.35"]
[White "Rodi, Luis Ernesto"]
[Black "Restuccia, Francisco"]
[Result "1-0"]
[WhiteElo "2375"]
[BlackElo "2136"]
[EventDate "2009.07.25"]
[PlyCount "115"]

1.e4 Nf6 2.e5 Nd5 3.d4 d6 4.c4 Nb6 5.exd6 cxd6 6.Nc3 g6 7.Be3 Bg7 8.Rc1 
O-O 9.b3 e5 10.d5 f5 11.Be2 Na6 12.f4 exf4 13.Bxf4 g5 14.Be3 Nd7 15.Nf3 f4
16.Bf2 g4 17.Nd4 Ne5 18.h3 Qe7 19.hxg4 Nxg4 20.Qd3 h6 21.O-O Nc5 22.Qd2 
Ne3 23.Bf3 Qe5 24.Ndb5 Bf5 25.Ne2 Nxf1 26.Rxf1 Ne4 27.Qxf4 Qxf4 28.Nxf4 
Nxf2 29.Kxf2 Bd7 30.Ne6 Be5 31.Nxf8 Rxf8 32.a4 Bf5 33.Rh1 a6 34.Nc7 Bc2 
35.Ne6 Rf6 36.b4 Bxa4 37.Ke3 Bb3 38.Kd3 b5 39.c5 Bc4+ 40.Ke4 Kf7 41.c6 Ke7
42.Rh4 Rg6 43.c7 Rg8 44.Rxh6 Kd7 45.Rh7+ Kc8 46.g4 Ba2 47.Ke3 Bb1 48.Rh1 
Bg6 49.Rc1 Be8 50.g5 Bd7 51.Bg4 Rh8 52.g6 Bb2 53.Rc2 Be5 54.Kf3 Bf6 55.Bf5
Kb7 56.g7 Rc8 57.Nd8+ Bxd8 58.Bxd7 1-0

[Event "Continental"]
[Site "Sao Paulo BRA"]
[Date "2009.07.30"]
[Round "7.36"]
[White "Molina, Roberto Junio Brito"]
[Black "Paiva, Pedro Henrique de"]
[Result "1-0"]
[WhiteElo "2370"]
[BlackElo "2195"]
[EventDate "2009.07.25"]
[PlyCount "61"]

1.d4 Nf6 2.c4 c6 3.Nc3 d5 4.e3 e6 5.Nf3 Nbd7 6.Qc2 a6 7.a4 Bd6 8.Bd3 dxc4 
9.Bxc4 e5 10.O-O O-O 11.b3 Qe7 12.h3 a5 13.Re1 h6 14.Nh4 Re8 15.Nf5 Qf8 
16.Nxd6 Qxd6 17.Ba3 Qc7 18.Nb5 Qb6 19.Nd6 Rf8 20.Nf5 Nd5 21.Bxd5 cxd5 22.
Ne7+ Kh8 23.Nxd5 Qd8 24.Be7 Qe8 25.Bxf8 Qxf8 26.Rac1 Qd6 27.Nc7 Rb8 28.Nb5
Qe7 29.Qc7 Qg5 30.Nd6 Nb6 31.Nxf7+ 1-0

[Event "Continental"]
[Site "Sao Paulo BRA"]
[Date "2009.07.30"]
[Round "7.37"]
[White "Galati, Mario Augusto"]
[Black "Perez, Federico"]
[Result "0-1"]
[WhiteElo "2206"]
[BlackElo "2435"]
[EventDate "2009.07.25"]
[PlyCount "70"]

1.d4 Nf6 2.Nf3 g6 3.c4 Bg7 4.Nc3 O-O 5.e4 d6 6.Be2 e5 7.O-O Na6 8.Be3 Ng4 
9.Bg5 Qe8 10.dxe5 dxe5 11.h3 f6 12.Bd2 Nh6 13.Be3 Nf7 14.b4 Nxb4 15.Bc5 
Na6 16.Bxf8 Bxf8 17.Nd2 c6 18.Rb1 Nc5 19.Nb3 Ng5 20.Nxc5 Bxc5 21.h4 Ne6 
22.Bg4 b6 23.Qf3 h5 24.Bh3 Qf7 25.Ne2 Ba6 26.Rfc1 Rd8 27.g4 Ng7 28.Rd1 
Rxd1+ 29.Rxd1 hxg4 30.Rd8+ Kh7 31.Qxg4 f5 32.exf5 gxf5 33.Qg3 f4 34.Qc3 
Qh5 35.Nxf4 exf4 0-1

[Event "Continental"]
[Site "Sao Paulo BRA"]
[Date "2009.07.30"]
[Round "7.39"]
[White "Sanchez Castillo, Sarai"]
[Black "Garcia, Gildardo"]
[Result "0-1"]
[WhiteElo "2202"]
[BlackElo "2390"]
[EventDate "2009.07.25"]
[PlyCount "43"]

1.e4 e5 2.d4 exd4 3.Qxd4 Nc6 4.Qe3 g6 5.Nc3 Bg7 6.Bd2 Nf6 7.O-O-O O-O 8.h4
Re8 9.Qg3 b5 10.Bxb5 Nxe4 11.Nxe4 Rxe4 12.Bc3 Nb4 13.Kb1 Rb8 14.a4 a6 15.
Bf1 d6 16.h5 Rg4 17.Qe3 Bf5 18.Bxg7 Nxc2 19.Qh6 Nb4+ 20.Kc1 Qe7 21.f3 g5 
22.Kd2 0-1